[Event "3MCR_4D_2LB_3S"]
[Site "?"]
[Date "1999.??.??"]
[Round "3"]
[White "Travnik, Petr"]
[Black "Liska, Jiri"]
[Result "1/2-1/2"]
[WhiteElo "2000"]
[BlackElo "2230"]
[PlyCount "101"]
[EventDate "1999.??.??"]
[EventType "corr"]

1. d4 Nf6 2. c4 e6 3. Nc3 Bb4 4. e3 c5 5. Bd3 O-O 6. Nge2 cxd4 7. exd4 d5 8.
O-O dxc4 9. Bxc4 Nc6 10. a3 Bd6 11. h3 a6 12. Bg5 Be7 13. Qd3 b5 14. Bb3 h6 15.
Bf4 Bb7 16. Bc2 Qd7 17. Rad1 Rfd8 18. Rfe1 Rac8 19. Ne4 Nxe4 20. Qxe4 f5 21.
Qe3 Nb4 22. Bb3 Nd5 23. Qg3 Kh7 24. Nc3 Bf6 25. Be5 Qe7 26. Bxf6 Qxf6 27. Qe5
Qxe5 28. dxe5 Nf4 29. f3 Kg6 30. Rxd8 Rxd8 31. Ne2 Nxe2+ 32. Rxe2 Bd5 33. Rd2
f4 34. Bc2+ Kf7 35. h4 Rc8 36. h5 Ke7 37. Bg6 Rc4 38. Rc2 Kd7 39. Rxc4 bxc4 40.
Kh2 Kc6 41. Kh3 Kc5 42. Kg4 Kd4 43. Kxf4 Bc6 44. Bf7 Bd7 45. g3 a5 46. g4 a4
47. Bg8 Kd3 48. Bh7+ Kd4 49. Bg8 Kd5 50. Bf7 Kd4 51. Bg8 1/2-1/2

[Event "3MCR_4D_2LB_3S"]
[Site "?"]
[Date "1999.??.??"]
[Round "3"]
[White "Liska, Jiri"]
[Black "Kozak, Martin"]
[Result "1-0"]
[WhiteElo "2230"]
[BlackElo "1765"]
[PlyCount "67"]
[EventDate "1999.??.??"]
[EventType "corr"]

1. c4 Nf6 2. Nc3 e6 3. Nf3 d5 4. d4 c6 5. Bg5 dxc4 6. a4 Bb4 7. e3 b5 8. Be2
O-O 9. O-O a6 10. Ne4 Be7 11. Nxf6+ Bxf6 12. Bxf6 Qxf6 13. b3 c3 14. axb5 cxb5
15. Bxb5 Bb7 16. Bc4 Bd5 17. Rc1 Bxf3 18. Qxf3 Qxf3 19. gxf3 Nd7 20. Rxc3 Rac8
21. Rfc1 Rc6 22. Bd3 Rxc3 23. Rxc3 Nb8 24. Rc7 Rd8 25. Rb7 g6 26. f4 a5 27. Rb5
Kf8 28. Be4 Nd7 29. Rxa5 f6 30. Ra7 f5 31. Bc6 Nb8 32. Bb5 h5 33. Rc7 Rd6 34.
Rc8+ 1-0

[Event "3MCR_4D_2LB_3S"]
[Site "?"]
[Date "1999.??.??"]
[Round "3"]
[White "Staufcik, Robert"]
[Black "Musil, Vitezslav"]
[Result "1-0"]
[WhiteElo "2000"]
[BlackElo "2060"]
[PlyCount "79"]
[EventDate "1999.??.??"]
[EventType "corr"]

1. e4 c5 2. Nf3 Nc6 3. d4 cxd4 4. Nxd4 Nf6 5. Nc3 d6 6. Bg5 Bd7 7. Qd2 Rc8 8.
O-O-O Nxd4 9. Qxd4 Qa5 10. Bd2 a6 11. f3 g6 12. a3 Bg7 13. Nd5 Qa4 14. Qxa4
Bxa4 15. Nc3 Bd7 16. Be3 b5 17. Be2 O-O 18. Kb1 Be6 19. g4 Rb8 20. Nd5 Bxd5 21.
exd5 b4 22. c3 bxa3 23. b4 Rfc8 24. Bd4 a5 25. Ba6 Rc7 26. b5 Nd7 27. Rc1 Rc4
28. Rhd1 Bxd4 29. Rxd4 Rc5 30. Ka2 Ne5 31. c4 Nxf3 32. Rf4 Ne5 33. Rd4 Nd7 34.
Rc3 Nb6 35. Kxa3 e5 36. dxe6 fxe6 37. Kb3 d5 38. cxd5 Rxc3+ 39. Kxc3 Nxd5+ 40.
Kc4 1-0

[Event "3MCR_4D_2LB_3S"]
[Site "?"]
[Date "1999.??.??"]
[Round "3"]
[White "Bultman, Milan"]
[Black "Kozak, Martin"]
[Result "1-0"]
[WhiteElo "2065"]
[BlackElo "1765"]
[PlyCount "65"]
[EventDate "1999.??.??"]
[EventType "corr"]

1. d4 Nf6 2. Bg5 d5 3. Nc3 e6 4. e3 Be7 5. Nf3 Ne4 6. Nxe4 dxe4 7. Bxe7 Qxe7 8.
Nd2 e5 9. Nxe4 exd4 10. Qxd4 O-O 11. Bd3 Nc6 12. Qc5 Qxc5 13. Nxc5 b6 14. Be4
bxc5 15. Bxc6 Rb8 16. b3 Rb6 17. Be4 Rd6 18. c4 Rfd8 19. h3 Rd2 20. Bd5 Rc2 21.
O-O Be6 22. Rfc1 Rxc1+ 23. Rxc1 Bxd5 24. cxd5 Rxd5 25. e4 Rd2 26. Rxc5 Rxa2 27.
Rxc7 Ra1+ 28. Kh2 g6 29. g3 Rb1 30. Rxa7 Rxb3 31. h4 h5 32. Kg2 Rb5 33. Kf3 1-0

[Event "3MCR_4D_2LB_3S"]
[Site "?"]
[Date "1999.??.??"]
[Round "3"]
[White "Bultman, Milan"]
[Black "Michalek, Milos"]
[Result "1-0"]
[WhiteElo "2065"]
[BlackElo "2020"]
[PlyCount "71"]
[EventDate "1999.??.??"]
[EventType "corr"]

1. d4 Nf6 2. c4 e6 3. Nf3 d5 4. Bg5 Nbd7 5. e3 Be7 6. Nc3 O-O 7. Bd3 dxc4 8.
Bxc4 c6 9. O-O Nd5 10. Bxe7 Qxe7 11. Qe2 Nxc3 12. bxc3 e5 13. Rab1 e4 14. Nd2
Nf6 15. h3 b5 16. Bb3 a5 17. Rfd1 a4 18. Bc2 Bf5 19. c4 b4 20. Nf1 Rfb8 21. Rd2
h6 22. Ng3 Bg6 23. Rdd1 h5 24. Qe1 h4 25. Ne2 Bf5 26. c5 Nd5 27. Rd2 g5 28. Rb2
Bg6 29. Bd1 Kg7 30. Nc1 f6 31. Be2 Bf7 32. Bc4 Nc3 33. Bxf7 Qxf7 34. Ne2 a3 35.
Rb3 Nxa2 36. d5 1-0

[Event "3MCR_4D_2LB_3S"]
[Site "?"]
[Date "1999.??.??"]
[Round "3"]
[White "Bultman, Milan"]
[Black "Pospisil, Ludvik"]
[Result "1/2-1/2"]
[WhiteElo "2065"]
[BlackElo "2235"]
[PlyCount "117"]
[EventDate "1999.??.??"]
[EventType "corr"]

1. d4 d5 2. c4 e6 3. Nc3 c6 4. Nf3 dxc4 5. a4 Bb4 6. e3 b5 7. Bd2 Bb7 8. axb5
Bxc3 9. Bxc3 cxb5 10. b3 a5 11. d5 Nf6 12. bxc4 b4 13. Bxf6 Qxf6 14. Qa4+ Nd7
15. Nd4 exd5 16. c5 Bc8 17. Qb5 O-O 18. Rxa5 Rxa5 19. Qxa5 b3 20. Be2 Qg6 21.
O-O b2 22. Qb5 Nxc5 23. Qxb2 Ne4 24. Rc1 Bh3 25. Bf3 Bd7 26. Qb7 Be6 27. Nc6
Kh8 28. Ne7 Qf6 29. Nxd5 Bxd5 30. Qxd5 Qb2 31. Rf1 Nd2 32. Rd1 Nxf3+ 33. Qxf3
Kg8 34. h3 Qe5 35. Rd5 Qe6 36. Qd1 h6 37. Rd6 Qe7 38. Rd7 Qf6 39. Qd4 Qg5 40.
g3 Rc8 41. Kg2 Re8 42. Ra7 Qd8 43. Kf3 Qg5 44. Rc7 Rd8 45. Qf4 Qxf4+ 46. Kxf4
h5 47. e4 Rd2 48. f3 Rh2 49. h4 Ra2 50. Rd7 Ra4 51. Rb7 g6 52. g4 hxg4 53. fxg4
Kg7 54. Rd7 Ra1 55. e5 Rf1+ 56. Kg5 Re1 57. Rd5 Re2 58. Rc5 Re4 59. Rb5 1/2-1/2

[Event "3MCR_4D_2LB_3S"]
[Site "?"]
[Date "1999.??.??"]
[Round "3"]
[White "Liska, Jiri"]
[Black "Pospisil, Ludvik"]
[Result "0-1"]
[WhiteElo "2230"]
[BlackElo "2235"]
[PlyCount "112"]
[EventDate "1999.??.??"]
[EventType "corr"]

1. c4 e6 2. Nc3 d5 3. d4 c6 4. Nf3 dxc4 5. a4 Bb4 6. e4 b5 7. Bg5 Qb6 8. Be2
Nd7 9. O-O Ngf6 10. Qc2 O-O 11. Be3 Bb7 12. d5 Bc5 13. dxc6 Qxc6 14. axb5 Qc7
15. Bxc5 Qxc5 16. Rfd1 Nb6 17. Rd2 Rfe8 18. Rad1 a6 19. bxa6 Rxa6 20. h3 Ra5
21. e5 Bxf3 22. exf6 Bxe2 23. Rxe2 g6 24. Qe4 Qc7 25. Qe3 Qc5 26. Red2 Qxe3 27.
fxe3 h6 28. e4 Kh7 29. Kf2 g5 30. Ke3 Kg6 31. Rf2 Rb8 32. Rdd2 Na4 33. Nxa4
Rxa4 34. Kd4 Rb5 35. Kc3 Rb3+ 36. Kc2 Rab4 37. Kd1 c3 38. bxc3 Rxc3 39. Rd8
Rxe4 40. Rg8+ Kh5 41. Kd2 Ra3 42. Rg7 Ra2+ 43. Kd3 Rxf2 44. Kxe4 Rxf6 45. Kd4
Kh4 46. Ke5 Rf5+ 47. Ke4 Kg3 48. Rh7 Kxg2 49. Rxh6 Rf3 50. h4 g4 51. h5 g3 52.
Rh8 Kf2 53. Ra8 g2 54. Ra1 Rf6 55. Rd1 g1=Q 56. Rxg1 Kxg1 0-1

[Event "3MCR_4D_2LB_3S"]
[Site "?"]
[Date "1999.??.??"]
[Round "3"]
[White "Musil, Vitezslav"]
[Black "Miskovsky, Pavel"]
[Result "1/2-1/2"]
[WhiteElo "2060"]
[BlackElo "1800"]
[PlyCount "75"]
[EventDate "1999.??.??"]
[EventType "corr"]

1. e4 c5 2. Nf3 e6 3. d4 cxd4 4. Nxd4 Nf6 5. Nc3 d6 6. g4 h6 7. h4 Nc6 8. Rg1
h5 9. gxh5 Nxh5 10. Bg5 Nf6 11. Rg3 a6 12. Nxc6 bxc6 13. Qf3 Qb6 14. Bxf6 gxf6
15. Qxf6 Rh6 16. Qf3 Rxh4 17. O-O-O Ke7 18. e5 dxe5 19. Ne4 f5 20. Qa3+ Kf7 21.
Nd6+ Kf6 22. Rg8 Bh6+ 23. Kb1 Rd4 24. Bd3 Bb7 25. Rxa8 Bxa8 26. Rh1 Bf8 27.
Ne4+ Kg7 28. Rg1+ Kf7 29. Ng5+ Ke8 30. Qc3 c5 31. Nh7 Be7 32. Be2 Bd5 33. Qg3
Qa5 34. b3 Kd7 35. Qg7 Kd6 36. Nf6 c4 37. Nxd5 Qxd5 38. Bxc4 1/2-1/2

[Event "3MCR_4D_2LB_3S"]
[Site "?"]
[Date "1999.??.??"]
[Round "3"]
[White "Bem, Jiri"]
[Black "Bultman, Milan"]
[Result "1-0"]
[WhiteElo "2000"]
[BlackElo "2065"]
[PlyCount "80"]
[EventDate "1999.??.??"]
[EventType "corr"]

1. c4 e5 2. Nc3 Nf6 3. g3 c6 4. Bg2 d5 5. cxd5 cxd5 6. d3 d4 7. Ne4 Nxe4 8.
Bxe4 Bb4+ 9. Bd2 Qa5 10. Bxb4 Qxb4+ 11. Qd2 Qxd2+ 12. Kxd2 Nc6 13. Nf3 f6 14.
Rhe1 Ne7 15. Ng1 Kd7 16. Rec1 Kd6 17. e3 dxe3+ 18. fxe3 h6 19. Ne2 Rd8 20. b3
f5 21. Bg2 Rb8 22. Nc3 Bd7 23. Nd1 Bc6 24. Bxc6 bxc6 25. Nb2 g5 26. Rf1 h5 27.
Rac1 Ke6 28. Rc5 Rb5 29. Rfc1 h4 30. Rxb5 cxb5 31. Rg1 hxg3 32. hxg3 Rh8 33.
Rg2 Rh1 34. e4 Rb1 35. Kc3 Nc6 36. a4 a6 37. Rh2 Nd4 38. Rh3 Rc1+ 39. Kd2 Rc2+
40. Kd1 Rxb2 1-0

[Event "3MCR_4D_2LB_3S"]
[Site "?"]
[Date "1999.??.??"]
[Round "3"]
[White "Bultman, Milan"]
[Black "Liska, Jiri"]
[Result "0-1"]
[WhiteElo "2065"]
[BlackElo "2230"]
[PlyCount "96"]
[EventDate "1999.??.??"]
[EventType "corr"]

1. d4 Nf6 2. Bg5 d5 3. e3 Ne4 4. Bf4 Bf5 5. Bd3 e6 6. Nd2 Nxd2 7. Qxd2 Bxd3 8.
Qxd3 Nd7 9. Qb5 Qc8 10. Nf3 Be7 11. O-O O-O 12. c4 a6 13. Qb3 c5 14. cxd5 c4
15. Qc2 exd5 16. b3 c3 17. Ng5 Nf6 18. Be5 g6 19. h3 b5 20. a3 a5 21. Rfe1 b4
22. axb4 axb4 23. Rxa8 Qxa8 24. Nf3 Ne4 25. Bf4 Qa3 26. Re2 Ra8 27. g4 f6 28.
Kg2 Qa1 29. Bc7 Ra3 30. Bh2 Kf7 31. Bf4 Nd2 32. Re1 Qa2 33. Qxa2 Rxa2 34. Nxd2
Rxd2 35. Ra1 g5 36. Bg3 Rb2 37. Ra7 Ke8 38. Ra8+ Bd8 39. Ra1 Rxb3 40. Bd6 Rb2
41. Rc1 Ba5 42. h4 Ra2 43. Bxb4 Bxb4 44. hxg5 fxg5 45. Kf3 c2 46. Ke2 Ba3 47.
Kd2 Bxc1+ 48. Kxc1 Ke7 0-1

[Event "3MCR_4D_2LB_3S"]
[Site "?"]
[Date "1999.??.??"]
[Round "3"]
[White "Kyzlink, Vladimir"]
[Black "Musil, Vitezslav"]
[Result "1/2-1/2"]
[WhiteElo "2135"]
[BlackElo "2060"]
[PlyCount "107"]
[EventDate "1999.??.??"]
[EventType "corr"]

1. c4 Nf6 2. Nc3 g6 3. g3 Bg7 4. Bg2 O-O 5. d3 d6 6. Rb1 a5 7. Nf3 Bd7 8. O-O
Qc8 9. d4 Bh3 10. Bxh3 Qxh3 11. Qb3 Qc8 12. Bg5 Nbd7 13. Rbd1 Re8 14. Qc2 Nf8
15. Bxf6 Bxf6 16. e4 Ne6 17. b3 c6 18. Rfe1 Nf4 19. Qd2 e5 20. dxe5 dxe5 21.
Qe3 Qg4 22. Kh1 Ne6 23. Rd6 Be7 24. Rd3 Bc5 25. Nxe5 Qh5 26. Nd7 Bxe3 27. Nf6+
Kf8 28. Nxh5 Bxf2 29. Rf1 Bd4 30. Nf6 Red8 31. Rdf3 Ng5 32. Nxh7+ Nxh7 33.
Rxf7+ Kg8 34. Ne2 Ng5 35. Rxb7 Ra7 36. Rxa7 Bxa7 37. Rf6 Kg7 38. Rxc6 Rd2 39.
h4 Nf7 40. Nf4 Ne5 41. Rc7+ Kg8 42. Rc8+ Kf7 43. h5 gxh5 44. Rc7+ Ke8 45. Nxh5
Nf3 46. Nf6+ Kd8 47. Rh7 Bd4 48. Ng4 Rxa2 49. Rh5 Bc3 50. Rd5+ Ke7 51. c5 Be5
52. Rxe5+ Nxe5 53. Nxe5 Ke6 54. Nc4 1/2-1/2

[Event "3MCR_4D_2LB_3S"]
[Site "?"]
[Date "1999.??.??"]
[Round "3"]
[White "Miskovsky, Pavel"]
[Black "Liska, Jiri"]
[Result "1-0"]
[WhiteElo "1800"]
[BlackElo "2230"]
[PlyCount "79"]
[EventDate "1999.??.??"]
[EventType "corr"]

1. e4 Nf6 2. e5 Nd5 3. d4 d6 4. c4 Nb6 5. f4 dxe5 6. fxe5 Nc6 7. Be3 Bf5 8. Nc3
e6 9. Nf3 Bg4 10. Be2 Bxf3 11. gxf3 Qh4+ 12. Bf2 Qf4 13. c5 Nd5 14. Nxd5 exd5
15. Qd2 Qxd2+ 16. Kxd2 g6 17. Be3 Bg7 18. Rhg1 O-O 19. b4 a6 20. a3 Rfe8 21. f4
f6 22. h4 Bh6 23. h5 fxe5 24. fxe5 Nxd4 25. Bxh6 Nb3+ 26. Kc3 Nxa1 27. Bf4 a5
28. b5 Rf8 29. Be3 Rae8 30. hxg6 hxg6 31. Bd4 Rf4 32. Rxa1 c6 33. Rg1 Kf7 34.
b6 Rh4 35. Bg4 g5 36. e6+ Kg6 37. Kd3 a4 38. Bc3 Ra8 39. Bd2 Re8 40. Be1 1-0

[Event "3MCR_4D_2LB_3S"]
[Site "?"]
[Date "1999.??.??"]
[Round "3"]
[White "Killar, Marek"]
[Black "Miskovsky, Pavel"]
[Result "1-0"]
[WhiteElo "2115"]
[BlackElo "1800"]
[PlyCount "95"]
[EventDate "1999.??.??"]
[EventType "corr"]

1. e4 c5 2. Nf3 e6 3. d4 cxd4 4. Nxd4 Nf6 5. Nc3 d6 6. g4 h6 7. f3 Be7 8. Be3
a6 9. Qd2 Nc6 10. O-O-O Nxd4 11. Bxd4 e5 12. Be3 Be6 13. Nd5 Bxd5 14. exd5 Qc7
15. h4 Rc8 16. Kb1 g6 17. Bh3 Nd7 18. f4 Bf6 19. g5 hxg5 20. hxg5 Bg7 21. f5
gxf5 22. Bxf5 Ke7 23. g6 Rxh1 24. Rxh1 fxg6 25. Bxg6 Rf8 26. Qg2 Kd8 27. Rh7
Nf6 28. Qg5 Rh8 29. Qg1 Nxh7 30. Bb6 Nf6 31. Bxc7+ Kxc7 32. Bf5 Bf8 33. Be6 Ne4
34. Qg2 Nd2+ 35. Kc1 Nc4 36. b3 Nb6 37. Qg6 Be7 38. a4 Nd7 39. Bxd7 Kxd7 40.
Qe6+ Kd8 41. a5 Rf8 42. c4 Rf3 43. Kb2 Rf6 44. Qg8+ Rf8 45. Qg1 Kc8 46. Qb6 Rf6
47. b4 Bd8 48. Qa7 1-0

[Event "3MCR_4D_2LB_3S"]
[Site "?"]
[Date "1999.??.??"]
[Round "3"]
[White "Kozak, Martin"]
[Black "Bem, Jiri"]
[Result "1-0"]
[WhiteElo "1765"]
[BlackElo "2000"]
[PlyCount "55"]
[EventDate "1999.??.??"]
[EventType "corr"]

1. d4 Nf6 2. c4 g6 3. Nc3 Bg7 4. e4 d6 5. f3 O-O 6. Be3 Nbd7 7. Qd2 c6 8. O-O-O
a6 9. Nh3 b5 10. g4 Nb6 11. c5 dxc5 12. dxc5 Qxd2+ 13. Rxd2 Nbd7 14. Be2 Ne5
15. Nf2 Be6 16. h3 Rad8 17. Rhd1 Rxd2 18. Rxd2 Bc4 19. Bxc4 Nxc4 20. Rd3 Nxe3
21. g5 Nc4 22. gxf6 Bxf6 23. f4 Bxc3 24. Rxc3 Rd8 25. Rd3 Rc8 26. b3 Na5 27.
Rd7 Nb7 28. Rxb7 1-0

[Event "3MCR_4D_2LB_3S"]
[Site "?"]
[Date "1999.??.??"]
[Round "3"]
[White "Kozak, Martin"]
[Black "Michalek, Milos"]
[Result "1/2-1/2"]
[WhiteElo "1765"]
[BlackElo "2020"]
[PlyCount "100"]
[EventDate "1999.??.??"]
[EventType "corr"]

1. d4 Nf6 2. c4 e6 3. g3 c5 4. d5 exd5 5. cxd5 d6 6. Bg2 g6 7. Nc3 Bg7 8. Nf3
O-O 9. O-O Re8 10. Nd2 Nbd7 11. h3 a6 12. a4 Rb8 13. Nc4 Ne5 14. Na3 Nh5 15. e4
Bd7 16. f4 b5 17. axb5 axb5 18. fxe5 b4 19. Nc4 bxc3 20. Ra7 cxb2 21. Bxb2 Rf8
22. Rf2 dxe5 23. Qa1 Rxb2 24. Qxb2 Nxg3 25. Qb7 Bc8 26. Qc7 Qxc7 27. Rxc7 Ba6
28. Nd6 Ne2+ 29. Kh2 Nf4 30. Ra2 Bd3 31. Bf3 f5 32. Raa7 Bf6 33. Nf7 Bg7 34.
Ng5 Bh8 35. d6 h6 36. Nf7 Bg7 37. d7 Ne6 38. d8=Q Rxd8 39. Nxd8 Nxc7 40. Rxc7
Bf6 41. Nf7 fxe4 42. Bg2 e3 43. Bd5 Kf8 44. Nd6 Be7 45. Rc8+ Kg7 46. Ne8+ Kh8
47. Nc7+ Kh7 48. Bg8+ Kg7 49. Ne6+ Kf6 50. Nxc5 e4 1/2-1/2

[Event "3MCR_4D_2LB_3S"]
[Site "?"]
[Date "1999.??.??"]
[Round "3"]
[White "Michalek, Milos"]
[Black "Bem, Jiri"]
[Result "1-0"]
[WhiteElo "2020"]
[BlackElo "2000"]
[PlyCount "83"]
[EventDate "1999.??.??"]
[EventType "corr"]

1. e4 c5 2. Nf3 Nc6 3. d4 cxd4 4. Nxd4 d6 5. Nc3 g6 6. Bc4 Bg7 7. Nxc6 bxc6 8.
Qd3 Nf6 9. O-O O-O 10. h3 Bb7 11. Bg5 Qc7 12. Rfe1 d5 13. exd5 cxd5 14. Bb3 e6
15. Nb5 Qc6 16. Nd4 Qc7 17. Qe3 Ne4 18. Bh6 Nc5 19. Bxg7 Kxg7 20. c3 Ba6 21.
Bc2 Rfe8 22. b4 Nd7 23. Ba4 Bc4 24. Bc6 Rab8 25. a4 e5 26. Qg3 Rbd8 27. b5 Qb8
28. Bxd7 Rxd7 29. Nc6 Qd6 30. Rxe5 Rxe5 31. Qxe5+ Qxe5 32. Nxe5 Rc7 33. Rb1 f6
34. Nc6 Kf7 35. Re1 Rd7 36. f3 Bb3 37. Ra1 Bc4 38. Kf2 Ke6 39. Re1+ Kd6 40. Re8
Kc5 41. Nd4 f5 42. Re6 1-0

[Event "3MCR_4D_2LB_3S"]
[Site "?"]
[Date "1999.??.??"]
[Round "3"]
[White "Kozeny, Pavel"]
[Black "Liska, Jiri"]
[Result "1/2-1/2"]
[WhiteElo "1800"]
[BlackElo "2230"]
[PlyCount "67"]
[EventDate "1999.??.??"]
[EventType "corr"]

1. c4 Nf6 2. Nc3 e6 3. e4 c5 4. d3 Nc6 5. f4 d5 6. e5 d4 7. Nb1 Nd7 8. g3 b6 9.
Bg2 Bb7 10. Nf3 Be7 11. O-O O-O 12. Nbd2 Nb4 13. Ne4 Bxe4 14. dxe4 Qc7 15. a3
Nc6 16. Qd3 a6 17. Rd1 Rab8 18. b3 b5 19. Nd2 Na5 20. Rb1 Rfd8 21. Bf1 Nb6 22.
Bb2 Rb7 23. Ba1 bxc4 24. bxc4 Rdb8 25. Rb2 Kh8 26. Rdb1 g5 27. Qf3 Rg8 28. Kh1
Bd8 29. Bd3 Rb8 30. Qh5 Qd7 31. Nf3 gxf4 32. gxf4 Qe7 33. f5 Qf8 34. Rf1
1/2-1/2

[Event "3MCR_4D_2LB_3S"]
[Site "?"]
[Date "1999.??.??"]
[Round "3"]
[White "Liska, Jiri"]
[Black "Killar, Marek"]
[Result "1/2-1/2"]
[WhiteElo "2230"]
[BlackElo "2115"]
[PlyCount "91"]
[EventDate "1999.??.??"]
[EventType "corr"]

1. c4 Nf6 2. Nc3 d6 3. Nf3 g6 4. d4 Bg7 5. e4 O-O 6. Bg5 h6 7. Bh4 c5 8. Bxf6
Bxf6 9. Qd2 Bg7 10. Rd1 Nc6 11. d5 Nb8 12. Be2 a6 13. O-O Qa5 14. Qc2 Bd7 15.
Nd2 b5 16. a3 b4 17. axb4 cxb4 18. Ra1 Qb6 19. Na4 Bxa4 20. Rxa4 Nd7 21. Nb3
Nc5 22. Nxc5 Qxc5 23. Bg4 Ra7 24. Kh1 a5 25. f4 Qd4 26. b3 Qc3 27. Qb1 Qb2 28.
Qxb2 Bxb2 29. Bf3 f6 30. g3 Kg7 31. Kg2 Bc3 32. Kf2 Kf7 33. Bg4 Ke8 34. Be6 Kd8
35. Ke3 Kc7 36. Rf2 Kb6 37. Rfa2 Raa8 38. h3 Ra7 39. h4 Ra6 40. Kf3 Ra7 41. h5
g5 42. Kg4 Raa8 43. Rf2 gxf4 44. gxf4 Rh8 45. Rg2 Rh7 46. Kf3 1/2-1/2

[Event "3MCR_4D_2LB_3S"]
[Site "?"]
[Date "1999.??.??"]
[Round "3"]
[White "Musil, Vitezslav"]
[Black "Kozeny, Pavel"]
[Result "0-1"]
[WhiteElo "2060"]
[BlackElo "1800"]
[PlyCount "78"]
[EventDate "1999.??.??"]
[EventType "corr"]

1. e4 c5 2. Nf3 e6 3. d4 cxd4 4. Nxd4 Nf6 5. Nc3 Nc6 6. Ndb5 Bb4 7. a3 Bxc3+ 8.
Nxc3 d5 9. exd5 exd5 10. Be2 d4 11. Na2 Qb6 12. O-O O-O 13. Bg5 Ne4 14. Bc1 Re8
15. Bd3 Nc5 16. Nb4 Nxb4 17. axb4 Nxd3 18. Qxd3 Bg4 19. Qg3 Be2 20. Re1 Bd3 21.
Bh6 Bg6 22. Rxe8+ Rxe8 23. Bd2 Bxc2 24. h4 a6 25. h5 h6 26. Rc1 Qc6 27. Re1
Rxe1+ 28. Bxe1 Qd5 29. Qg4 f5 30. Qe2 Ba4 31. f3 Kf7 32. Bd2 Bb5 33. Qe1 Qe6
34. Qg3 Kg8 35. Qb8+ Kh7 36. Qg3 Be8 37. Qh4 Qe5 38. g4 fxg4 39. fxg4 Bc6 0-1

[Event "3MCR_4D_2LB_3S"]
[Site "?"]
[Date "1999.??.??"]
[Round "3"]
[White "Kyzlink, Vladimir"]
[Black "Bultman, Milan"]
[Result "1-0"]
[WhiteElo "2135"]
[BlackElo "2065"]
[PlyCount "161"]
[EventDate "1999.??.??"]
[EventType "corr"]

1. c4 e5 2. Nc3 Nf6 3. Nf3 Nc6 4. e4 Bc5 5. Nxe5 Nxe5 6. d4 Bb4 7. dxe5 Nxe4 8.
Qd4 Nxc3 9. bxc3 Be7 10. Bd3 d6 11. Bf4 O-O 12. O-O f5 13. exd6 Bxd6 14. Qd5+
Kh8 15. Bxd6 Qxd6 16. Rfe1 Qf6 17. Qc5 c6 18. Qe7 g6 19. Bc2 Qxe7 20. Rxe7 Rd8
21. Rd1 Rxd1+ 22. Bxd1 h6 23. g4 Rb8 24. Re8+ Kg7 25. gxf5 gxf5 26. Kg2 Kf7 27.
Bh5+ Kf6 28. Rg8 Ke5 29. Rh8 c5 30. f3 Kf4 31. Bf7 b6 32. Be6 Bxe6 33. Rxb8
Bxc4 34. Rh8 Bxa2 35. Rxh6 Bd5 36. Kf2 Bxf3 37. Rh4+ Bg4 38. h3 Kg5 39. Rh7 Kg6
40. Rxa7 Bxh3 41. Rb7 Kf6 42. Rxb6+ Ke5 43. Rh6 Bg4 44. Ke3 f4+ 45. Kd3 Bf3 46.
Rh8 Be4+ 47. Kd2 c4 48. Ke2 Bc6 49. Rc8 Bd5 50. Re8+ Kf5 51. Kf2 Kf6 52. Re2
Kf5 53. Rd2 Be6 54. Rd4 Ke5 55. Kf3 Bd5+ 56. Kg4 Be6+ 57. Kg5 f3 58. Rf4 Bd5
59. Kg4 Ke6 60. Kg3 Ke5 61. Rd4 Ke6 62. Kf2 Ke5 63. Ke3 Kd6 64. Rh4 Ke5 65. Rf4
Ke6 66. Kd4 Bc6 67. Rh4 Kf5 68. Rh8 Kf6 69. Kxc4 Ke5 70. Kd3 Kf4 71. Rf8+ Ke5
72. Ke3 Bd5 73. Rh8 Kd6 74. Kd4 Bc6 75. Rh6+ Ke7 76. Ke5 Bb5 77. Rf6 Be2 78.
Rf4 Kd7 79. Kd4 Kc6 80. c4 Kd7 81. Kd5 1-0

[Event "3MCR_4D_2LB_3S"]
[Site "?"]
[Date "1999.??.??"]
[Round "3"]
[White "Bultman, Milan"]
[Black "Staufcik, Robert"]
[Result "0-1"]
[WhiteElo "2065"]
[BlackElo "2000"]
[PlyCount "126"]
[EventDate "1999.??.??"]
[EventType "corr"]

1. d4 d5 2. c4 dxc4 3. Nf3 Nf6 4. e3 e6 5. Bxc4 c5 6. O-O a6 7. Qe2 b5 8. Bb3
Bb7 9. Rd1 Nbd7 10. Nc3 Qb6 11. d5 e5 12. e4 c4 13. Be3 Bc5 14. Bxc5 Qxc5 15.
Bc2 O-O 16. Rdc1 Ne8 17. b3 Nd6 18. bxc4 Rfc8 19. Bb3 Nxc4 20. Nd1 a5 21. a4
Qb4 22. axb5 Na3 23. Rxc8+ Bxc8 24. Qb2 Nxb5 25. Ra4 Qe7 26. Bc2 Nd6 27. Qc3
Nb7 28. Ne3 f6 29. Rc4 Qf8 30. Rc7 Nbc5 31. Qa3 Na6 32. Qxf8+ Kxf8 33. Rc3 Nb6
34. Nc4 Nxc4 35. Rxc4 Bd7 36. h3 Ke7 37. Ba4 Bxa4 38. Rxa4 Nc5 39. Rc4 Nb3 40.
Ra4 Kd6 41. Ra3 a4 42. Kf1 Kc5 43. Ke1 Kb4 44. Ra2 Rc8 45. Kd1 Rc1+ 46. Ke2 a3
47. Ne1 Nd4+ 48. Kd2 Rxe1 49. Kxe1 Kb3 50. Rd2 a2 51. Rd1 Kb2 52. d6 a1=Q 53.
Rxa1 Kxa1 54. d7 Ne6 55. Kd2 Kb2 56. g3 Kb3 57. f4 Kc4 58. Ke3 Kc5 59. f5 Nd8
60. Kd3 Kd6 61. g4 Kxd7 62. h4 Kd6 63. Kd2 Kc5 0-1

[Event "3MCR_4D_2LB_3S"]
[Site "?"]
[Date "1999.??.??"]
[Round "3"]
[White "Musil, Vitezslav"]
[Black "Pilar, Richard"]
[Result "1-0"]
[WhiteElo "2060"]
[BlackElo "1600"]
[PlyCount "90"]
[EventDate "1999.??.??"]
[EventType "corr"]

1. e4 e5 2. Bc4 Nf6 3. d3 c6 4. Nf3 d5 5. Bb3 Bd6 6. Nc3 O-O 7. O-O Be6 8. Bg5
Nbd7 9. exd5 cxd5 10. Nxd5 Bxd5 11. Bxd5 Qb6 12. Bb3 e4 13. dxe4 Nxe4 14. Be3
Qc7 15. c3 Ndf6 16. Bd4 Rad8 17. h3 Nh5 18. Ng5 Nxg5 19. Qxh5 Ne6 20. Be3 Nf4
21. Qf3 Kh8 22. Rad1 Nd3 23. Rxd3 Bh2+ 24. Kh1 Rxd3 25. Bc2 Rxe3 26. Qxe3 Bf4
27. Qxa7 Re8 28. Qd4 Bg5 29. Qd3 g6 30. Bb3 Rd8 31. Qb5 f5 32. Bd5 b6 33. c4
Rd7 34. Qb4 Kg7 35. b3 h5 36. Qc3+ Bf6 37. Qf3 Qd6 38. g3 Re7 39. Qd3 Qa3 40.
Qd2 Ra7 41. Qe3 Qxa2 42. Qxb6 Re7 43. Bf3 h4 44. g4 fxg4 45. hxg4 Qd2 1-0

[Event "3MCR_4D_2LB_3S"]
[Site "?"]
[Date "1999.??.??"]
[Round "3"]
[White "Miskovsky, Pavel"]
[Black "Bultman, Milan"]
[Result "0-1"]
[WhiteElo "1800"]
[BlackElo "2065"]
[PlyCount "100"]
[EventDate "1999.??.??"]
[EventType "corr"]

1. e4 c5 2. Nf3 d6 3. d4 cxd4 4. Nxd4 Nf6 5. Nc3 Nc6 6. Be2 g6 7. Be3 Bg7 8.
O-O O-O 9. Nb3 b6 10. f4 Bb7 11. Bf3 Rc8 12. Qd2 Qd7 13. h3 Rfe8 14. Rad1 Red8
15. Nd5 Nxd5 16. exd5 Nb8 17. c3 Qc7 18. Qf2 Nd7 19. Be2 Nf6 20. c4 e6 21. dxe6
fxe6 22. Nd2 d5 23. Bd4 dxc4 24. Be5 Qc6 25. Nxc4 Ne4 26. Qf3 b5 27. Bxg7 Kxg7
28. Rxd8 Rxd8 29. Qa3 Kg8 30. Ne3 Qb6 31. Rd1 Rxd1+ 32. Bxd1 Ng3 33. Kf2 b4 34.
Qb3 Ne4+ 35. Kg1 Nc3 36. Kf2 Bd5 37. Qc2 Ne4+ 38. Ke2 Ng3+ 39. Kf2 Nf5 40. Qc1
Bxg2 41. Bg4 Bb7 42. Bxf5 exf5 43. Kg3 a5 44. b3 Qd6 45. Qe1 Qd3 46. Kh4 Qd4
47. Kg3 Be4 48. Qe2 Qc3 49. Kh2 Kf8 50. Qf2 Qd4 0-1

[Event "3MCR_4D_2LB_4S"]
[Site "?"]
[Date "1999.??.??"]
[Round "4"]
[White "Jirusek, Zdenek"]
[Black "Glaser, Karel"]
[Result "1-0"]
[WhiteElo "1990"]
[BlackElo "1865"]
[PlyCount "29"]
[EventDate "1999.??.??"]
[EventType "corr"]

1. e4 e5 2. Nf3 Nc6 3. Bb5 a6 4. Ba4 Nf6 5. d4 Nxe4 6. Qe2 f5 7. d5 Nd4 8. Nxd4
exd4 9. f3 Qe7 10. fxe4 Qb4+ 11. Bd2 Qxa4 12. exf5+ Kf7 13. Qh5+ Kg8 14. f6
gxf6 15. O-O 1-0

[Event "3MCR_4D_2LB_4S"]
[Site "?"]
[Date "1999.??.??"]
[Round "4"]
[White "Turner, Jan"]
[Black "Prochazka, David"]
[Result "0-1"]
[WhiteElo "2200"]
[BlackElo "1800"]
[PlyCount "44"]
[EventDate "1999.??.??"]
[EventType "corr"]

1. g3 e5 2. Bg2 d5 3. Nf3 e4 4. Nd4 c5 5. Nb3 c4 6. Nd4 Bc5 7. c3 Nf6 8. O-O
O-O 9. d3 Bxd4 10. cxd4 cxd3 11. exd3 Bg4 12. Qd2 Nc6 13. Nc3 Nxd4 14. dxe4
dxe4 15. Nxe4 Nxe4 16. Bxe4 Bf3 17. Bd3 Bc6 18. Be2 Bb5 19. Bd1 Bxf1 20. Kxf1
Qd5 21. Kg1 Rfe8 22. a4 Rac8 0-1

[Event "3MCR_4D_2LB_4S"]
[Site "?"]
[Date "1999.??.??"]
[Round "4"]
[White "Kolomaznik, Milan"]
[Black "Chvojka, Jaroslav"]
[Result "0-1"]
[WhiteElo "1800"]
[BlackElo "2065"]
[PlyCount "40"]
[EventDate "1999.??.??"]
[EventType "corr"]

1. c4 c5 2. Nc3 Nc6 3. Nf3 Nf6 4. e3 e6 5. d4 cxd4 6. exd4 Bb4 7. Bd2 d5 8.
cxd5 exd5 9. Be2 Bg4 10. a3 Bxc3 11. Bxc3 O-O 12. O-O Ne4 13. Rc1 Re8 14. Ne5
Bxe2 15. Qxe2 Nxc3 16. bxc3 Nxe5 17. dxe5 Qa5 18. Qb2 Rxe5 19. Qxb7 Rae8 20.
Qb5 Qxb5 0-1